Thailand-Quiz - Statistiken

Allgemein
  • Dieses Quiz wurde 5.217 mal gespielt
  • Das Durchschnittsergebnis liegt bei 10 aus 20
Antwortstatistiken
Frage Antwort % Korrekt
Hauptstadt Bangkok
96%
Nachbarland Laos
88%
Nachbarland Myanmar
85%
Nachbarland Kambodscha
83%
Wichtigste Religion Buddhismus
82%
Nachbarland Malaysia
76%
Naturkatastrophe von 2004 Tsunami
75%
Am meisten gepflanztes Getreide Reis
71%
Ehemaliger Name Thailands vor 1939 Siam
54%
Währung Thailands Baht
45%
Verehrtes Tier Weißer {Elefant}
38%
Größte Insel und beliebter Touristenort Phuket
36%
Fluss entlang der Ostgrenze Thailands Mekong
34%
Halbinsel, auf der sich Thailand befindet Indochina
26%
Fritierte Reisnudeln, die oft als Nationalgericht Thailands betrachtet werden Pad Thai
24%
Zweitgrößte Ethnie Han
23%
Nationalsport Muay Thai
15%
2016 verstorbener König, der 70 Jahre lang regierte Rama IX
15%
Name der Hauptstadt auf Thai (Kurzversion) Krung Thep
14%
Meer westlich von Thailand Andamanensee
11%
Keine übereinstimmenden Quizze gefunden
Verteilung der Resultate
Anzahl Personen mit jedem Resultat
Perzentil nach korrekt beantworteten Fragen
Ihre Resultats-Entwicklung
Sie haben dieses Quiz noch nicht gespielt